Sinfonia : (Registro nro. 10297)
[ vista simple ]
| 000 -CABECERA | |
|---|---|
| Longitud fija campo de control | 00485nam a2200181 a 4500 |
| 003 - • IDENTIFICADOR DELl NÚMERO DE CONTROL | |
| Identificador del número de control | CO-ViMGA |
| 008 - • CÓDIGOS DE INFORMACIÓN DE LONGITUD FIJA | |
| Códigos de información de longitud fija | 141112s2004 ck r 000 u spa d |
| 020 ## - • NÚMERO INTERNACIONAL NORMALIZADO PARA LIBROS | |
| Número Internacional Normalizado para Libros (ISBN) | 978958022738 |
| 040 ## - FUENTE DE LA CATALOGACIÓN | |
| Centro catalogador de origen | CO-ViMGA |
| Lengua de catalogación | spa |
| Centro transcriptor | CO-ViMGA |
| 082 ## - • NÚMERO DE LA CLASIFICACIÓN DECIMAL DEWEY | |
| Número de clasificación (R) | 372.87 P67 |
| 245 10 - • TITULO PROPIAMENTE DICHO | |
| Título | Sinfonia : |
| Resto del título | Educación musical |
| 300 ## - • DESCRIPCIÓN FÍSICA | |
| Extensión | 128 p. ; v. 6 - 11 |
| 490 ## - • MENCIÓN DE SERIE | |
| Mención de serie | Educación media profesional |
| 650 14 - • PUNTO DE ACCESO ADICIONAL DE MATERIA - TÉRMINO DE MATERIA | |
| Término de materia o nombre geográfico como elemento inicial | Música - Enseñanza |
| 942 ## - ENTRADA DE ELEMENTOS AGREGADOS (KOHA) | |
| Fuente de clasificaión o esquema | Dewey Decimal Classification |
| Koha [por defecto] tipo de item | LIbro |
| Perdido | Fuente de clasificación o esquema | Estado Físico | No para préstamo | Forma de adquisición | Localización permanente | Localización actual | Fecha adquisición | Serie de enumeración / cronolog&íacute;a | Préstamos totales | Signatura completa | Código de barras | Fecha última consulta | Número de copia | Fecha del precio de reemplazo | Tipo de item de Koha |
|---|---|---|---|---|---|---|---|---|---|---|---|---|---|---|---|
| Dewey Decimal Classification | Sala General | Biblioteca Barrio Porfia - Villavicencio | Biblioteca Barrio Porfia - Villavicencio | 12/04/2015 | 01/mar/2013 | 372.87 P67 | 25504 | 12/04/2015 | Ej. 2 | 12/04/2015 | LIbro | ||||
| Dewey Decimal Classification | Damaged | Sala General | Biblioteca Comunitaria - Villavicencio | Biblioteca Comunitaria - Villavicencio | 12/04/2015 | 07/mar/2013 | 372.87 P67 | 25503 | 12/04/2015 | Ej. 1 | 12/04/2015 | LIbro |